| 000 | 00000cam 2200000zi 4500 |
| 001 | 9.958637 |
| 003 | CaOODSP |
| 005 | 20260226122615 |
| 006 | m o d f |
| 007 | cr cn||||||||| |
| 008 | 251230e202602##oncb ob f000 0 fre d |
| 020 | |a9780660978512 |
| 040 | |aCaOODSP|bfre|erda|cCaOODSP |
| 043 | |an-cn--- |
| 086 | 1 |aP29-003-005-2026F-PDF |
| 245 | 00|aEssence automobile. |
| 250 | |a[Édition de février 2026]. |
| 264 | 1|aOttawa (Ontario) : |bOffice des normes générales du Canada : |bConseil canadien des normes, |cfévrier 2026. |
| 264 | 4|c©2026 |
| 300 | |a1 ressource en ligne (33 pages) : |bcartes. |
| 336 | |atexte|btxt|2rdacontent/fre |
| 337 | |ainformatique|bc|2rdamedia/fre |
| 338 | |aressource en ligne|bcr|2rdacarrier/fre |
| 490 | 1 |aNorme nationale du Canada ; |vCAN/CGSB-3.5-2026 |
| 500 | |a"Remplace CAN/CGSB-3.5-2021, Modificatif no 1, septembre 2022, Rectificatif no 1, août 2023." |
| 500 | |aPublié aussi en anglais sous le titre : Automotive gasoline. |
| 504 | |aComprend des références bibliographiques (pages 27-29). |
| 520 | |a« La présente norme nationale du Canada s'applique à trois types d'essence auxquels aucun composé de plomb ou de phosphore n'a été ajouté » -- Objet, page 1. |
| 650 | 6|aEssence|xNormes|zCanada. |
| 650 | 6|aEssence|xIndustrie|xNormes|zCanada. |
| 650 | 6|aCarburants|xNormes|zCanada. |
| 710 | 2 |aOffice des normes générales du Canada, |eorganisme de publication. |
| 710 | 2 |aConseil canadien des normes, |eorganisme de publication. |
| 775 | 08|tAutomotive gasoline.|w(CaOODSP)9.958638 |
| 795 | |tEssence automobile.|b[Édition d'août 2023]|w(CaOODSP)9.915665 |
| 830 | #0|aNorme nationale du Canada ;|vCAN/CGSB-3.5-2026. |w(CaOODSP)9.504227 |
| 856 | 40|qPDF|s2.10 Mo|uhttps://publications.gc.ca/collections/collection_2026/ongc-cgsb/P29-003-005-2026-fra.pdf |
| 986 | |aICS 75.160.20 |